[Event "Innsbruck op-B 2nd"]
[Site "Innsbruck"]
[Date "2018.08.27"]
[Round "4"]
[White "Wischounig, Laurin"]
[Black "Svanda, Adam"]
[Result "1-0"]
[WhiteElo "1900"]
[BlackElo "1841"]
[PlyCount "109"]
[EventDate "2018.08.24"]
[EventType "swiss"]
[EventRounds "9"]
[EventCountry "AUT"]
[SourceTitle "CBM 186 Extra"]
[Source "ChessBase"]
[SourceDate "2018.08.24"]
[SourceVersion "1"]
[SourceVersionDate "2018.08.24"]
[SourceQuality "1"]

1. d4 Nf6 2. c4 g6 3. Nc3 d5 4. Nf3 Bg7 5. e3 0-0 6. Qb3 e6 7. Bd2 b6 8. cxd5 exd5 9. Ne5 Bb7 10. Be2 Nbd7 11. f4 Nxe5 12. fxe5 Ne4 13. Nxe4 dxe4 14. Bc4 Qh4+ 15. g3 Qe7 16. 0-0 a5 17. Rf2 a4 18. Qb4 Qd8 19. Raf1 Bd5 20. b3 Qd7 21. Bxd5 Qxd5 22. Qc4 Rad8 23. Rc1 c5 24. dxc5 axb3 25. axb3 bxc5 26. Ba5 Qxc4 27. Rxc4 Rd5 28. Rfc2 Bxe5 29. Rxc5 Rxc5 30. Rxc5 Bb2 31. Kf2 Rb8 32. b4 Ba3 33. Rc4 f5 34. g4 fxg4 35. Rxe4 h5 36. Kg3 Kf7 37. Rc4 Rb5 38. Kf4 Ke6 39. Rc6+ Kf7 40. Rc4 Ke6 41. Ke4 g5 42. Kd3 Bb2 43. Rc6+ Kf7 44. Kc4 Re5 45. Kb3 Rxe3+ 46. Kxb2 h4 47. Rc2 g3 48. hxg3 Rxg3 49. Bc7 Rf3 50. b5 Rf5 51. b6 g4 52. Ka3 Kg6 53. b7 Rb5 54. Rc6+ Kf5 55. Bb6 1-0

[Event "Innsbruck op-B 2nd"]
[Site "Innsbruck"]
[Date "2018.08.24"]
[Round "1"]
[White "Jagadeesh, Balakrishnan"]
[Black "Wischounig, Laurin"]
[Result "0-1"]
[WhiteElo "1586"]
[BlackElo "1900"]
[PlyCount "130"]
[EventDate "2018.08.24"]
[EventType "swiss"]
[EventRounds "9"]
[EventCountry "AUT"]
[SourceTitle "CBM 186 Extra"]
[Source "ChessBase"]
[SourceDate "2018.08.24"]
[SourceVersion "1"]
[SourceVersionDate "2018.08.24"]
[SourceQuality "1"]

1. d4 d5 2. c4 c6 3. Nf3 Nf6 4. g3 Bg4 5. Bg2 e6 6. 0-0 Bd6 7. b3 0-0 8. Bb2 Nbd7 9. Ne5 Bh5 10. Nd2 Qc7 11. Ndf3 Bxe5 12. Nxe5 Nxe5 13. dxe5 Nd7 14. cxd5 exd5 15. f4 Rac8 16. Qd2 Rfd8 17. Rac1 Qb6+ 18. Kh1 Qa6 19. Bf3 Bxf3+ 20. Rxf3 b6 21. f5 Re8 22. e6 fxe6 23. Qg5 e5 24. f6 Nxf6 25. Rxf6 Qxe2 26. Ba1 Rf8 27. Qxe5 Qxe5 28. Rxf8+ Kxf8 29. Bxe5 c5 30. Rf1+ Kg8 31. Kg2 Re8 32. Bf4 h6 33. h4 b5 34. Kf3 c4 35. bxc4 dxc4 36. Rd1 Re7 37. Rd8+ Kf7 38. Rc8 Ke6 39. Rc7 a5 40. Ke4 Re8 41. Ra7 Kf6+ 42. Kd5 g5 43. hxg5+ hxg5 44. Bd6 c3 45. Rc7 b4 46. Rc6 Kf5 47. Kc4 Re2 48. Kb3 Rb2+ 49. Ka4 Rxa2+ 50. Kb5 Kg4 51. Bc7 c2 52. Bxa5 Rxa5+ 53. Kxb4 Ra8 54. Rxc2 Rb8+ 55. Ka3 Kxg3 56. Rc3+ Kh4 57. Rc7 g4 58. Rc4 Kh3 59. Rc7 g3 60. Rh7+ Kg2 61. Rg7 Kf2 62. Rf7+ Kg1 63. Rg7 g2 64. Rg6 Rf8 65. Kb3 Kf1 0-1

[Event "AUT-ch U16"]
[Site "St Veit"]
[Date "2018.03.27"]
[Round "4"]
[White "Wischounig, Laurin"]
[Black "Kruckenhauser, Arthur"]
[Result "1-0"]
[WhiteElo "1841"]
[BlackElo "2059"]
[PlyCount "53"]
[EventDate "2018.03.25"]
[EventType "swiss"]
[EventRounds "7"]
[EventCountry "AUT"]
[SourceTitle "EXT 2019"]
[Source "ChessBase"]
[SourceDate "2018.10.10"]
[SourceVersion "1"]
[SourceVersionDate "2018.10.10"]
[SourceQuality "1"]

1. d4 Nf6 2. c4 e6 3. Nf3 b6 4. g3 Ba6 5. b3 Bb4+ 6. Bd2 Be7 7. Bg2 c6 8. 0-0 0-0 9. Qc2 d5 10. Rd1 Nbd7 11. Bf4 Rc8 12. Nc3 Bb7 13. e4 dxe4 14. Nxe4 Nxe4 15. Qxe4 Nf6 16. Qe2 Bd6 17. Bc1 Qe7 18. Bb2 Rfd8 19. Rd3 c5 20. Rad1 Be4 21. Re3 Qb7 22. dxc5 Bxc5 23. Rxd8+ Rxd8 24. Bxf6 Bxe3 25. Bxd8 Bh6 26. Qd1 f6 27. Qd6 1-0

[Event "AUT-ch U16"]
[Site "St Veit"]
[Date "2018.03.25"]
[Round "1"]
[White "Wischounig, Laurin"]
[Black "Leisch, Lukas"]
[Result "1/2-1/2"]
[WhiteElo "1841"]
[BlackElo "2162"]
[PlyCount "98"]
[EventDate "2018.03.25"]
[EventType "swiss"]
[EventRounds "7"]
[EventCountry "AUT"]
[SourceTitle "EXT 2019"]
[Source "ChessBase"]
[SourceDate "2018.10.10"]
[SourceVersion "1"]
[SourceVersionDate "2018.10.10"]
[SourceQuality "1"]

1. d4 Nf6 2. c4 e6 3. g3 d5 4. Bg2 Be7 5. Nf3 0-0 6. 0-0 dxc4 7. Ne5 Nc6 8. Nxc6 bxc6 9. Na3 Bxa3 10. bxa3 Nd5 11. Qa4 Nb6 12. Qxc6 Rb8 13. Bf4 Bb7 14. Qxc7 Bxg2 15. Kxg2 Qd5+ 16. Kg1 Rb7 17. Qe5 f6 18. Qd6 Rd8 19. Qc5 Na4 20. Qxd5 Rxd5 21. Rab1 Rdb5 22. Rxb5 Rxb5 23. Rc1 c3 24. Bd6 a5 25. Kf1 Kf7 26. e4 Rb2 27. Bc7 Rxa2 28. Bxa5 Rxa3 29. Ke2 h5 30. Rc2 g5 31. Rc1 Ke8 32. Ke3 Kd7 33. d5 exd5 34. exd5 c2+ 35. Kd4 Nc5 36. Bb4 Nb3+ 37. Kc3 Nxc1+ 38. Bxa3 Ne2+ 39. Kxc2 Nd4+ 40. Kd3 Nf3 41. Ke4 Nxh2 42. Kf5 Ng4 43. Bc5 Ne5 44. Be3 h4 45. gxh4 gxh4 46. Bf4 Nd3 47. Bh2 Nxf2 48. Kxf6 Ne4+ 49. Kf5 Nc3 1/2-1/2